[Event "San Francisco Mechanics Institute op"]
[Site "San Francisco"]
[Date "2019.05.02"]
[Round "4"]
[White "Lee, Andy C"]
[Black "Shahade, Gregory P"]
[Result "0-1"]
[WhiteElo "2213"]
[BlackElo "2476"]
[PlyCount "58"]
[EventDate "2019.05.02"]
[EventType "swiss (rapid)"]
[EventRounds "5"]
[EventCountry "USA"]
[SourceTitle "CBM 190 Extra"]
[Source "ChessBase"]
[SourceDate "2019.07.15"]
[SourceVersion "1"]
[SourceVersionDate "2019.07.15"]
[SourceQuality "1"]

1. e4 c5 2. Nf3 g6 3. d4 cxd4 4. Nxd4 Nc6 5. c4 Nf6 6. Nc3 d6 7. Nc2 Bg7 8. Be3 0-0 9. Be2 Nd7 10. 0-0 a5 11. Rb1 Nc5 12. Nd4 Bd7 13. Qd2 Rc8 14. b3 Ne6 15. Ndb5 Nc5 16. a3 f5 17. b4 axb4 18. axb4 Nxe4 19. Nxe4 fxe4 20. c5 dxc5 21. Bxc5 Be6 22. Qe3 Qd5 23. Na3 Qf5 24. Nc4 Kh8 25. b5 Bxc4 26. bxc6 Bxe2 27. cxb7 Bxf1 28. Bxe7 Bb5 29. Bc5 Rxc5 0-1

[Event "PRO League Stage"]
[Site "Chess.com INT"]
[Date "2017.02.15"]
[Round "6"]
[White "Holt, Conrad"]
[Black "Lee, Andy C"]
[Result "1-0"]
[WhiteElo "2567"]
[BlackElo "2252"]
[PlyCount "57"]
[EventDate "2017.01.11"]
[EventType "team-swiss (rapid)"]
[EventRounds "7"]
[EventCountry "USA"]
[SourceTitle "CBM 176 Extra"]
[Source "ChessBase"]
[SourceDate "2017.03.02"]
[SourceVersion "1"]
[SourceVersionDate "2017.03.02"]
[SourceQuality "1"]
[WhiteTeam "Dallas Destiny"]
[BlackTeam "San Francisco Mechanics"]
[WhiteTeamCountry "USA"]
[BlackTeamCountry "USA"]

1. d4 d5 2. c4 e5 3. dxe5 d4 4. Nf3 Nc6 5. Nbd2 Nge7 6. Nb3 Nf5 7. e4 dxe3 8. Qxd8+ Nxd8 9. fxe3 a5 10. Bd3 Bb4+ 11. Ke2 0-0 12. a3 Be7 13. g4 Nh4 14. Nxh4 Bxh4 15. Bf5 Nc6 16. e4 Nxe5 17. Bf4 Nxg4 18. Bxc8 Raxc8 19. Rhg1 Nf6 20. Kf3 Rfd8 21. Rad1 b6 22. Nd4 Re8 23. Nf5 Rxe4 24. Nxh4 Rxc4 25. Nf5 Kf8 26. Nxg7 Ne4 27. Nf5 f6 28. Ne3 Ra4 29. b3 1-0

[Event "San Francisco TNM Summer op"]
[Site "San Francisco"]
[Date "2016.07.12"]
[Round "8"]
[White "Lee, Andy C"]
[Black "Bayaraa, Chinguun"]
[Result "1-0"]
[WhiteElo "2390"]
[BlackElo "1949"]
[PlyCount "57"]
[EventDate "2016.05.24"]
[EventType "swiss"]
[EventRounds "8"]
[EventCountry "USA"]
[SourceTitle "EXT 2018"]
[Source "ChessBase"]
[SourceDate "2017.10.13"]
[SourceVersion "1"]
[SourceVersionDate "2017.10.13"]
[SourceQuality "1"]

1. e4 c5 2. Nf3 d6 3. d4 cxd4 4. Nxd4 Nf6 5. Nc3 a6 6. Bg5 e6 7. f4 Be7 8. Qf3 Qc7 9. 0-0-0 Nbd7 10. Bd3 b5 11. Rhe1 Bb7 12. Qg3 h6 13. Bh4 g5 14. fxg5 Nh5 15. Qe3 Ne5 16. Be2 hxg5 17. Bxg5 b4 18. Nd5 exd5 19. Nf5 Rc8 20. Kb1 Bf8 21. Qh3 Qxc2+ 22. Ka1 Nc4 23. Bxc4 dxc4 24. Rxd6 Bxd6 25. Nxd6+ Kf8 26. Qd7 Rh7 27. Qxb7 Re8 28. Nxe8 c3 29. Qxb4+ 1-0

[Event "USA tt"]
[Site "ICC INT"]
[Date "2015.09.08"]
[Round "3"]
[White "Cornejo, Max"]
[Black "Lee, Andy C"]
[Result "1/2-1/2"]
[WhiteElo "2421"]
[BlackElo "2341"]
[PlyCount "141"]
[EventDate "2015.08.25"]
[EventType "team-swiss"]
[EventRounds "10"]
[EventCountry "USA"]
[SourceTitle "EXT 2016"]
[Source "ChessBase"]
[SourceDate "2015.10.08"]
[SourceVersion "1"]
[SourceVersionDate "2015.10.08"]
[SourceQuality "1"]
[WhiteTeam "Rio Grande"]
[BlackTeam "San Francisco"]
[WhiteTeamCountry "USA"]
[BlackTeamCountry "USA"]

1. e4 e5 2. Nf3 Nc6 3. Bb5 a6 4. Bxc6 dxc6 5. 0-0 f6 6. d4 Bg4 7. c3 Bd6 8. h3 Bh5 9. Be3 Ne7 10. Nbd2 0-0 11. Qb3+ Kh8 12. c4 exd4 13. Nxd4 Qd7 14. Qa4 Rfd8 15. Rac1 c5 16. Qxd7 Rxd7 17. N4f3 Nc6 18. g4 Bf7 19. b3 Nb4 20. a3 Nd3 21. Rb1 a5 22. Rfd1 Nf4 23. e5 fxe5 24. Bxf4 exf4 25. Re1 h6 26. a4 Re8 27. Rxe8+ Bxe8 28. Re1 Re7 29. Rxe7 Bxe7 30. Ne4 Bc6 31. Nfd2 Kg8 32. f3 Kf7 33. Kf2 Ke6 34. Ke2 Ke5 35. Kd3 Be8 36. Kc3 b6 37. Nf2 Bd6 38. Nd3+ Ke6 39. Ne4 Bg6 40. Ndf2 Be5+ 41. Kd2 Bd4 42. Kd1 Be3 43. h4 Ke5 44. h5 Bh7 45. Ke2 Kd4 46. g5 hxg5 47. Nxg5 Bc2 48. Ne6+ Ke5 49. Nxg7 Bxf2 50. Kxf2 Bxb3 51. h6 Kf6 52. Ne6 Kg6 53. Nxc7 Bxa4 54. Nd5 Bb3 55. Ke1 a4 56. Kd2 a3 57. Kc3 a2 58. Kb2 Bxc4 59. Nxb6 Be6 60. Na4 c4 61. Nc3 Kxh6 62. Kxa2 Kg5 63. Ka3 Bh3 64. Kb4 Bf1 65. Nd5 Kf5 66. Ne7+ Ke5 67. Ng6+ Kd4 68. Nxf4 Ke3 69. Nd5+ Kxf3 70. Nb6 Ke3 71. Nxc4+ 1/2-1/2

[Event "USA tt"]
[Site "ICC INT"]
[Date "2015.08.26"]
[Round "1"]
[White "Lee, Andy C"]
[Black "Ramirez Alvarez, Alejandro"]
[Result "0-1"]
[WhiteElo "2341"]
[BlackElo "2586"]
[PlyCount "62"]
[EventDate "2015.08.25"]
[EventType "team-swiss"]
[EventRounds "10"]
[EventCountry "USA"]
[SourceTitle "EXT 2016"]
[Source "ChessBase"]
[SourceDate "2015.10.08"]
[SourceVersion "1"]
[SourceVersionDate "2015.10.08"]
[SourceQuality "1"]
[WhiteTeam "San Francisco"]
[BlackTeam "St Louis"]
[WhiteTeamCountry "USA"]
[BlackTeamCountry "USA"]

1. e4 e5 2. Nf3 Nc6 3. Bb5 a6 4. Ba4 Nge7 5. 0-0 g6 6. d4 exd4 7. Nxd4 Bg7 8. Be3 0-0 9. Nc3 Na5 10. Bg5 h6 11. Bh4 c5 12. Nf5 gxf5 13. Nd5 f6 14. c3 b5 15. Bg3 bxa4 16. Bc7 Qe8 17. Bxa5 Rb8 18. Bc7 Rxb2 19. Qc1 a3 20. Bd6 Nxd5 21. Bxf8 fxe4 22. Bxc5 f5 23. Bxa3 Re2 24. Rb1 e3 25. Bc5 f4 26. Rb8 d6 27. Bd4 Bxd4 28. cxd4 exf2+ 29. Rxf2 Re1+ 30. Rf1 Rxc1 31. Rxc1 Qe3+ 0-1

[Event "San Francisco TNM Winter op"]
[Site "San Francisco"]
[Date "2015.02.03"]
[Round "5"]
[White "Winslow, Elliott C"]
[Black "Lee, Andy C"]
[Result "0-1"]
[WhiteElo "2283"]
[BlackElo "2386"]
[PlyCount "42"]
[EventDate "2015.01.06"]
[EventType "swiss"]
[EventRounds "8"]
[EventCountry "USA"]
[SourceTitle "EXT 2016"]
[Source "ChessBase"]
[SourceDate "2015.10.08"]
[SourceVersion "1"]
[SourceVersionDate "2015.10.08"]
[SourceQuality "1"]

1. d4 e6 2. c4 Bb4+ 3. Bd2 a5 4. Nc3 Nf6 5. g3 0-0 6. Bg2 d5 7. Nf3 dxc4 8. 0-0 Nc6 9. e3 Rb8 10. Qe2 b5 11. a4 bxa4 12. Qxc4 Rb6 13. Rfc1 Ba6 14. Qa2 e5 15. dxe5 Nxe5 16. Nxe5 Qxd2 17. Nxa4 Rd6 18. h3 Qe2 19. Bf3 Qb5 20. Nc6 Bb7 21. Qc4 Bxc6 0-1

[Event "San Francisco TNM Jay Whitehead op"]
[Site "San Francisco"]
[Date "2014.09.09"]
[Round "6"]
[White "Byambaa, Uyanga"]
[Black "Lee, Andy C"]
[Result "0-1"]
[WhiteElo "2171"]
[BlackElo "2361"]
[PlyCount "100"]
[EventDate "2014.08.05"]
[EventType "swiss"]
[EventRounds "9"]
[EventCountry "USA"]
[SourceTitle "EXT 2016"]
[Source "ChessBase"]
[SourceDate "2015.10.08"]
[SourceVersion "1"]
[SourceVersionDate "2015.10.08"]
[SourceQuality "1"]

1. e4 e5 2. Nf3 Nc6 3. Bc4 Nf6 4. Ng5 d5 5. exd5 Na5 6. Bb5+ c6 7. dxc6 bxc6 8. Qf3 cxb5 9. Qxa8 h6 10. Ne4 Nd5 11. d3 Nb6 12. Nf6+ gxf6 13. Qf3 Bb7 14. Qg3 Nc6 15. Be3 Ne7 16. Qh3 Rg8 17. Rg1 Ned5 18. Nd2 Nb4 19. Rc1 N6d5 20. a3 Nxe3 21. Qxe3 Nc6 22. Nb3 Nd4 23. Nxd4 Qxd4 24. Qxd4 exd4 25. g3 Bf3 26. c4 b4 27. c5 bxa3 28. bxa3 Rg5 29. c6 Re5+ 30. Kf1 Kd8 31. g4 Bxa3 32. Rc4 Bc5 33. Rg3 Bxc6 34. f4 Rd5 35. Rh3 Bb5 36. Rc1 Bd6 37. Ra1 a5 38. Kf2 Bb4 39. Rxh6 Bc3 40. Rb1 Bxd3 41. Rb7 Rd7 42. Rh8+ Ke7 43. Rbb8 Bc2 44. Rhe8+ Kd6 45. Rec8 a4 46. Ra8 Rc7 47. Ra6+ Kd7 48. Rf8 Ke7 49. Rfa8 d3 50. Rxa4 d2 0-1

[Event "San Francisco TNM Spring op"]
[Site "San Francisco"]
[Date "2014.04.15"]
[Round "5"]
[White "Lee, Andy C"]
[Black "Tsodikova, Natalia"]
[Result "1-0"]
[WhiteElo "2320"]
[BlackElo "2226"]
[PlyCount "43"]
[EventDate "2014.03.18"]
[EventType "swiss"]
[EventRounds "8"]
[EventCountry "USA"]
[SourceTitle "EXT 2016"]
[Source "ChessBase"]
[SourceDate "2015.10.08"]
[SourceVersion "1"]
[SourceVersionDate "2015.10.08"]
[SourceQuality "1"]

1. e4 c5 2. Nf3 d6 3. d4 cxd4 4. Nxd4 Nf6 5. Nc3 a6 6. Bg5 e6 7. f4 Be7 8. Qf3 h6 9. Bh4 Nbd7 10. 0-0-0 Qc7 11. Bd3 Nc5 12. e5 dxe5 13. fxe5 Nxd3+ 14. Rxd3 Nh7 15. Bxe7 Qxe7 16. Nc6 Qg5+ 17. Kb1 Bd7 18. Rxd7 Kxd7 19. Qxf7+ Kxc6 20. Qxe6+ Kc7 21. Qd6+ Kc8 22. Nd5 1-0

[Event "San Francisco TNM Spring op"]
[Site "San Francisco"]
[Date "2014.04.08"]
[Round "4"]
[White "Thornally, Frank"]
[Black "Lee, Andy C"]
[Result "0-1"]
[WhiteElo "2200"]
[BlackElo "2320"]
[PlyCount "76"]
[EventDate "2014.03.18"]
[EventType "swiss"]
[EventRounds "8"]
[EventCountry "USA"]
[SourceTitle "EXT 2016"]
[Source "ChessBase"]
[SourceDate "2015.10.08"]
[SourceVersion "1"]
[SourceVersionDate "2015.10.08"]
[SourceQuality "1"]

1. d4 d5 2. Nf3 Nc6 3. Bf4 Bg4 4. Nbd2 e6 5. c3 Bd6 6. Bg3 Nge7 7. Qb3 Rb8 8. e3 0-0 9. Bd3 Bf5 10. e4 dxe4 11. Bxe4 Bxg3 12. hxg3 Bxe4 13. Nxe4 Qd5 14. Qxd5 exd5 15. Nc5 Nf5 16. 0-0-0 Rfd8 17. Rhe1 b6 18. Nd3 f6 19. Re6 Rd6 20. Rde1 Kf7 21. R6e2 g5 22. g4 Ng7 23. Nd2 Re6 24. Nf1 Rxe2 25. Rxe2 h5 26. gxh5 Nxh5 27. g4 Nf4 28. Nxf4 gxf4 29. f3 Rh8 30. Rh2 Rxh2 31. Nxh2 Nd8 32. b4 Nb7 33. Nf1 Kg6 34. Kd1 a5 35. bxa5 Nxa5 36. Nd2 Kg5 37. Ke2 Kh4 38. Kf2 Kh3 0-1

[Event "San Francisco Neil Falconer op"]
[Site "San Francisco"]
[Date "2013.09.24"]
[Round "8"]
[White "Winslow, Elliott C"]
[Black "Lee, Andy C"]
[Result "1/2-1/2"]
[WhiteElo "2298"]
[BlackElo "2316"]
[PlyCount "104"]
[EventDate "2013.08.06"]
[EventType "swiss"]
[EventRounds "9"]
[EventCountry "USA"]
[SourceTitle "EXT 2016"]
[Source "ChessBase"]
[SourceDate "2015.10.08"]
[SourceVersion "1"]
[SourceVersionDate "2015.10.08"]
[SourceQuality "1"]

1. d4 d5 2. Nf3 Nc6 3. g3 Bg4 4. Bg2 e6 5. 0-0 Nf6 6. c4 Be7 7. Nc3 0-0 8. cxd5 Nxd5 9. e4 Nxc3 10. bxc3 e5 11. Rb1 exd4 12. cxd4 Bxf3 13. Bxf3 Nxd4 14. Rxb7 Rb8 15. Rxa7 Rb1 16. Qd3 Nxf3+ 17. Qxf3 Qb8 18. Be3 Rxf1+ 19. Kxf1 Re8 20. Kg2 Bg5 21. e5 Bxe3 22. Qxe3 f6 23. Qc5 Rxe5 24. Qc4+ Kh8 25. Rxc7 Qa8+ 26. f3 Re8 27. a4 Qa5 28. Re7 Qd2+ 29. Kf1 Qd1+ 30. Kf2 Rd8 31. Kg2 h6 32. Qe4 f5 33. Qxf5 Qxa4 34. Qe5 Qc2+ 35. Kh3 Qc8+ 36. g4 Rg8 37. Kh4 Qc6 38. Re6 Qc1 39. f4 Kh7 40. g5 hxg5+ 41. Qxg5 Qd1 42. Qf5+ g6 43. Re7+ Rg7 44. Rxg7+ Kxg7 45. Qe5+ Kf7 46. Qc7+ Kf6 47. Qc3+ Kf7 48. Qc4+ Kf6 49. Qc3+ Kf7 50. Qe5 Qd8+ 51. Kg4 Qd1+ 52. Kg3 Qg1+ 1/2-1/2

[Event "San Francisco TNM Spring op"]
[Site "San Francisco"]
[Date "2013.04.10"]
[Round "4"]
[White "Lee, Andy C"]
[Black "Luke, Gary"]
[Result "1-0"]
[WhiteElo "2306"]
[BlackElo "1809"]
[PlyCount "57"]
[EventDate "2013.03.19"]
[EventType "swiss"]
[EventRounds "8"]
[EventCountry "USA"]
[SourceTitle "EXT 2016"]
[Source "ChessBase"]
[SourceDate "2015.10.08"]
[SourceVersion "1"]
[SourceVersionDate "2015.10.08"]
[SourceQuality "1"]

1. e4 e5 2. Nf3 Nc6 3. Bc4 Nf6 4. d3 h6 5. c3 d6 6. Bb3 Be7 7. Nbd2 0-0 8. Nf1 Nh7 9. Ng3 Ng5 10. h4 Ne6 11. Nf5 Nf4 12. g3 Bxf5 13. exf5 Nh5 14. Ng5 Nf6 15. Qf3 d5 16. a3 Bc5 17. 0-0 Qd7 18. Be3 Bd6 19. Rad1 Ne7 20. g4 c6 21. Ne4 dxe4 22. dxe4 Qc7 23. g5 hxg5 24. hxg5 Nfd5 25. Kg2 Ng6 26. fxg6 fxg6 27. Qh3 Rf7 28. Rh1 Rff8 29. Rxd5 1-0

[Event "San Francisco TNM Winter op"]
[Site "San Francisco"]
[Date "2013.02.19"]
[Round "7"]
[White "Shakhnazarov, Oleg"]
[Black "Lee, Andy C"]
[Result "0-1"]
[WhiteElo "2184"]
[BlackElo "2294"]
[PlyCount "98"]
[EventDate "2013.01.08"]
[EventType "swiss"]
[EventRounds "8"]
[EventCountry "USA"]
[SourceTitle "EXT 2016"]
[Source "ChessBase"]
[SourceDate "2015.10.08"]
[SourceVersion "1"]
[SourceVersionDate "2015.10.08"]
[SourceQuality "1"]

1. e4 e6 2. d4 d5 3. e5 c5 4. c3 Qb6 5. Nf3 Nc6 6. Be2 f6 7. 0-0 Bd7 8. Na3 cxd4 9. cxd4 a6 10. Nc2 Be7 11. b3 Nh6 12. exf6 Bxf6 13. Ba3 Nf5 14. Bc5 Qc7 15. Rc1 Kf7 16. Ne3 Qf4 17. g3 Nxe3 18. gxf4 Nxd1 19. Rfxd1 Rhc8 20. Ne5+ Nxe5 21. fxe5 Bg5 22. Rc3 b6 23. Rf3+ Kg8 24. Bxb6 Rc2 25. Bd3 Rxa2 26. Bc5 g6 27. Kg2 a5 28. Kg3 Bd2 29. Bb1 Ra1 30. h4 Bb4 31. h5 Bb5 32. hxg6 Be2 33. gxh7+ Kh8 34. Rg1 Bxf3 35. Kxf3 Bxc5 36. dxc5 a4 37. b4 a3 38. c6 a2 39. Rg8+ Rxg8 40. hxg8Q+ Kxg8 41. c7 axb1Q 42. c8Q+ Kg7 43. Qd7+ Kh6 44. Qxe6+ Qg6 45. Qd6 Qxd6 46. exd6 Ra6 47. Ke3 Rxd6 48. Kd4 Kg6 49. Kc5 Rd8 0-1

[Event "San Francisco TNM Fall op"]
[Site "San Francisco"]
[Date "2012.10.16"]
[Round "1"]
[White "Newey, Richard H"]
[Black "Lee, Andy C"]
[Result "0-1"]
[WhiteElo "1704"]
[BlackElo "2291"]
[PlyCount "78"]
[EventDate "2012.10.16"]
[EventType "swiss"]
[EventRounds "9"]
[EventCountry "USA"]
[SourceTitle "EXT 2014"]
[Source "ChessBase"]
[SourceDate "2013.11.20"]
[SourceVersion "1"]
[SourceVersionDate "2013.11.20"]
[SourceQuality "1"]

1. e4 e6 2. d4 d5 3. Nd2 Be7 4. Ngf3 Nf6 5. Bb5+ Nc6 6. Ne5 Bd7 7. Nxd7 Qxd7 8. e5 Ng8 9. c3 a6 10. Qa4 Nh6 11. Nf3 0-0 12. Bxc6 Qxc6 13. Qxc6 bxc6 14. Bg5 f6 15. exf6 Bxf6 16. Bxf6 gxf6 17. Kd2 e5 18. h3 e4 19. Nh2 f5 20. f4 Rf6 21. Rae1 Nf7 22. Rhf1 Nd6 23. b3 Rb8 24. Kc2 Rh6 25. Re3 Kf7 26. Rf2 a5 27. Nf1 a4 28. Nd2 axb3+ 29. axb3 Nb5 30. Rf1 Rg6 31. Rf2 Ra8 32. Kb2 c5 33. dxc5 Rga6 34. Kc1 Ra2 35. Nxe4 Ra1+ 36. Kd2 R8a2+ 37. Kd3 fxe4+ 38. Rxe4 dxe4+ 39. Ke3 Re1+ 0-1

[Event "San Francisco TNM Summer op"]
[Site "San Francisco"]
[Date "2012.06.26"]
[Round "6"]
[White "Gaffagan, Steven"]
[Black "Lee, Andy C"]
[Result "1-0"]
[WhiteElo "2047"]
[BlackElo "2305"]
[PlyCount "71"]
[EventDate "2012.05.22"]
[EventType "swiss"]
[EventRounds "8"]
[EventCountry "USA"]
[SourceTitle "EXT 2014"]
[Source "ChessBase"]
[SourceDate "2013.11.20"]
[SourceVersion "1"]
[SourceVersionDate "2013.11.20"]
[SourceQuality "1"]

1. Nf3 Nf6 2. c4 c6 3. d4 d5 4. Nc3 dxc4 5. a4 Na6 6. e4 Bg4 7. Bxc4 e6 8. Be3 Nb4 9. Rc1 Be7 10. 0-0 0-0 11. Be2 Qa5 12. Ne5 Bxe2 13. Qxe2 Qa6 14. Qf3 Rad8 15. Rfd1 Nd7 16. Bf4 f6 17. Nxd7 Rxd7 18. Qh3 f5 19. Be5 Bd6 20. f4 Bxe5 21. fxe5 Kh8 22. exf5 exf5 23. Ne4 Qe2 24. Nd6 Nd5 25. Rf1 Qxb2 26. Rcd1 g6 27. Qh6 Rfd8 28. Rf3 Nc3 29. Rdf1 Ne2+ 30. Kh1 Nxd4 31. Qh4 Rf8 32. Rg3 Qe2 33. Rb1 Qxe5 34. Rxg6 b6 35. Re1 Qc5 36. Qf6+ 1-0

[Event "San Francisco TNM Fall op"]
[Site "San Francisco"]
[Date "2011.11.22"]
[Round "6"]
[White "Shakhnazarov, Oleg"]
[Black "Lee, Andy C"]
[Result "0-1"]
[WhiteElo "2159"]
[BlackElo "2266"]
[PlyCount "138"]
[EventDate "2011.10.18"]
[EventType "swiss"]
[EventRounds "9"]
[EventCountry "USA"]
[SourceTitle "EXT 2016"]
[Source "ChessBase"]
[SourceDate "2015.10.08"]
[SourceVersion "1"]
[SourceVersionDate "2015.10.08"]
[SourceQuality "1"]

1. d4 Nf6 2. Nf3 g6 3. Bf4 Bg7 4. Nbd2 0-0 5. h3 c5 6. e3 b6 7. c3 d6 8. Be2 Ba6 9. Bxa6 Nxa6 10. 0-0 Qc8 11. Re1 Qb7 12. Qb1 Nc7 13. e4 cxd4 14. cxd4 Ne6 15. Be3 d5 16. e5 Ne4 17. Qd3 f5 18. Qb3 h6 19. Nxe4 fxe4 20. Nd2 Qd7 21. a4 Kh7 22. a5 Rab8 23. a6 g5 24. Qd1 Nf4 25. Qg4 Qxg4 26. hxg4 Nd3 27. Reb1 Rbc8 28. b4 Rc2 29. Rd1 Nxb4 30. Rf1 Rfc8 31. Rab1 Nd3 32. f3 Nxe5 33. dxe5 d4 34. Bxg5 e3 35. Bxe3 dxe3 36. Ne4 Bxe5 37. Rfe1 Ra2 38. Rb5 Bd4 39. Rd5 Rc4 40. Kh2 Rxa6 41. Kg3 Ra5 42. Rd7 Be5+ 43. Kh4 Rc7 44. Rd8 Ra3 45. Rd5 Bg7 46. g5 hxg5+ 47. Nxg5+ Kg6 48. f4 Bf6 49. Kg4 Rc2 50. g3 e2 51. f5+ Kg7 52. Ne6+ Kf7 53. Rd8 Bg7 54. Ng5+ Kf6 55. Rd5 Ra4+ 56. Kh5 Ra5 57. Ne4+ Kf7 58. Ng5+ Ke8 59. Rd3 Rxf5 60. Kg6 Rxg5+ 61. Kxg5 Bc3 62. Rxe2 Bf6+ 63. Kf5 Rxe2 64. g4 Re5+ 65. Kf4 a5 66. Rb3 b5 67. Ra3 a4 68. Rd3 b4 69. Rd5 Rxd5 0-1